Metodología de la investigación para bachillerato (Registro nro. 6013)

Detalles MARC
000 -Cabecera
Campo de control de longitud fija 00917ata a2200313 4500
005 - Fecha y hora de la última transacción
Campo de control 20260313190331.0
008 - Elementos de longitud fija--Información general
Campo de control de longitud fija 150526b2013 xxu||||| |||| 00| 0 spa d
020 ## - International Standard Book Number
Número Internacional Estándar del Libro (ISBN) 9786071508294
041 ## - Idioma
Código de idioma Español
082 ## - Clasificación Decimal Dewey
Número de clasificación 001.42 H557m
100 ## - Entrada principal--Autor personal
Nombre personal Hernández Sampieri, Roberto
100 ## - Entrada principal--Autor personal
Nombre personal Zapata Salazar, Nancy Elena
100 ## - Entrada principal--Autor personal
Nombre personal Mendoza Torres, Cristiana Paulina
245 ## - Título propiamente dicho
Título Metodología de la investigación para bachillerato
260 ## - Pie de imprenta
Lugar de publicación, distribución, etc. México
260 ## - Pie de imprenta
Nombre del editor, distribuidor, etc. McGraw-Hill
260 ## - Pie de imprenta
Fecha de publicación, distribución, etc. 2013
300 ## - Descripción física
Extensión 212 páginas
Otras características físicas Fotografías a color
490 ## - Serie
Título de la Serie Temática General
650 ## - Materia general
Temática (materia general) MÉTODOS DE INVESTIGACIÓN
650 ## - Materia general
Temática (materia general) INVESTIGACIÓN CIENTÍFICA
650 ## - Materia general
Temática (materia general) PLANTEAMIENTO DEL PROBLEMA
650 ## - Materia general
Temática (materia general) MARCO TEÓRICO
650 ## - Materia general
Temática (materia general) FORMULACIÓN DE HIPÓTESIS
650 ## - Materia general
Temática (materia general) SELECCIÓN DE MUESTRA
650 ## - Materia general
Temática (materia general) RECOLECCIÓN DE DATOS
650 ## - Materia general
Temática (materia general) ANÁLISIS DE DATOS
942 ## - Punto de acceso adicional KOHA
Tipo de ítem KOHA Libro
Fuente del sistema de clasificación o colocación Dewey Decimal Classification
Existencias
Signatura completa Código de barras Programa Académico Tipo de ítem
001.42 H557m 17450 Temática General Libro
001.42 H557m 17451 Temática General Libro
001.42 H557m 17452 Temática General Libro
001.42 H557m 17676 Temática General Libro
001.42 H557m 17677 Temática General Libro
001.42 H557m 17678 Temática General Libro
001.42 H557m 21445 Temática General Libro
001.42 H557m 21446 Temática General Libro